| 000 | 00571nam a2200193 a 4500 | ||
|---|---|---|---|
| 005 | 20140310183224.0 | ||
| 008 | 970101s19uu xx 00 eng d | ||
| 020 | _a0240802543 | ||
| 050 |
_aP 90 _b.F26 1997 |
||
| 100 | _aFang, Irving | ||
| 245 |
_aA History of Mass Communication : _bSix Information Revolutions / _cIrving Fang. |
||
| 260 |
_aBoston : _bFocal Press, _c1997. |
||
| 300 |
_axxxiv, 280p. : _bill. ; _c25cm. |
||
| 500 | _aIncludes Index and Bibliography | ||
| 521 | _aMC | ||
| 650 |
_aCommunication _xHistory |
||
| 942 |
_cBK _2lcc _kFOR |
||
| 999 |
_c20374 _d20374 |
||